La gestión administrativa del Municipio Libertador en base a indicadores de eficiencia, economía, impacto y calidad como soporte a su gestión social (Registro nro. 1111)
[ vista simple ]
| 000 -CABECERA | |
|---|---|
| campo de control de longitud fija | 02356nam a22002057a 4500 |
| 001 - NÚMERO DE CONTROL | |
| campo de control | T027600013335 |
| 008 - DATOS DE LONGITUD FIJA--INFORMACIÓN GENERAL | |
| campo de control de longitud fija | 181014b xve||||| m 0 e0p | esp |
| 040 ## - FUENTE DE LA CATALOGACIÓN | |
| Centro catalogador/agencia de origen | FEVP |
| Centro/agencia transcriptor | FEVP |
| 041 ## - CÓDIGO DE LENGUA | |
| Código de lengua del texto/banda sonora o título independiente | spa |
| 099 ## - SIGNATURA TOPOGRÁFICA LOCAL | |
| Sigla especial | EVP T-G.P. |
| Cutter | C824 |
| 100 ## - ENTRADA PRINCIPAL--NOMBRE DE PERSONA | |
| Apellido (s), Nombre (s) | Corredor R., Omar E. |
| 245 ## - MENCIÓN DE TÍTULO | |
| Título | La gestión administrativa del Municipio Libertador en base a indicadores de eficiencia, economía, impacto y calidad como soporte a su gestión social |
| 260 ## - PUBLICACIÓN, DISTRIBUCIÓN, ETC. (PIE DE IMPRENTA) | |
| Fecha de publicación, distribución, etc. | Octubre, 2008 |
| 300 ## - DESCRIPCIÓN FÍSICA | |
| Extensión | vii, 91 pp. |
| 500 ## - NOTA GENERAL | |
| Nota general | Impreso |
| 502 ## - NOTA DE TESIS | |
| Nota de tesis | TESIS -- Especialista, Especialista en Gerencia Pública |
| 520 ## - NOTA DE RESUMEN, ETC. (R) | |
| Sumario, etc. | La presente investigación tuvo como objetivo fundamental Analizar la gestión administrativa del Municipio Libertador como soporte a su gestión social , a través de indicadores de eficiencia, economía, impacto y calidad, tomando como fundamento teórico los postulados de renombrados autores en materia de gestión como Amat (2006), Beltrán (1999), Blanco (2001), Fabio (2001), y Osborne (1999) entre otros. El estudio se tipifica como puro o básico, aplicado y descriptivo y documental, con un diseño bibliográfico, no experimental, transeccional-descriptivo. La población estuvo representada por documentos legales, presupuestos y estadísticas y la unidad de análisis fue el Municipio Libertador, se recurrió a la observación documental, ejecutando como técnica para el análisis de los datos, el análisis documental. Asimismo, por su diseño documental y bibliográfico no será necesario diseñar instrumentos de recolección de datos, dado que la data estadística será suministrada por el área administrativa del Municipio Libertador. El análisis de los datos permitieron señalar que la gestión administrativa está bien delimitada funcionalmente, no cuenta con un sistema que permita evaluar el logro de las metas, no existe una normativa clara sobre la ejecución y el control de los procesos, los cambios que se han suscitado han sido relevantes y la comunidad los ha observado y apreciado. La recomendación general, es adoptar un sistema de gestión que contemple normas, políticas y procedimientos, así como regulaciones muy estrictas que no permitan las desviaciones, con el fin de lograr los cambios sociales que caracterizan la nueva filosofía de gobierno venezolana.<br/><br/><br/> |
| 700 ## - PUNTO DE ACCESO ADICIONAL--NOMBRE DE PERSONA | |
| Nombre de persona | López, Manuel |
| Término indicativo de función/relación | Tutor |
| 942 ## - ELEMENTOS DE PUNTO DE ACCESO ADICIONAL (KOHA) | |
| Tipo de ítem Koha | Tesis |
| Estado de retiro | Estado de pérdida | Fuente del sistema de clasificación o colocación | Estado dañado | No para préstamo | Localización permanente | Ubicación/localización actual | Fecha de adquisición | Total de préstamos | Signatura topográfica completa | Código de barras | Fecha visto por última vez | Precio válido a partir de | Tipo de ítem Koha |
|---|---|---|---|---|---|---|---|---|---|---|---|---|---|
| Oscar Varsavsky | Oscar Varsavsky | 31.10.2018 | EVP T-G.P. C824 | T027600017056 | 31.10.2018 | 31.10.2018 | Tesis |